000
00336nam a22001577a 4500
003
SGT
020
_a
9788131262535
082
_a
612.015
_b
B20S
100
_a
SATYANARAYANA, U.
245
_a
BIOCHEMISTRY
250
_a
5TH
260
_a
INDIA
_b
ELSEVIER PUB
_c
2020
300
_a
777
650
_a
BIOCHEMISTRY
942
_2
ddc
_c
BK
_0
193
999
_c
20991
_d
20991